| 000 | 00865nam a22002057a 4500 | ||
|---|---|---|---|
| 999 |
_c6419 _d6419 |
||
| 003 | AR-CdUCM | ||
| 008 | 190315b ||||| |||| 00| 0 spa d | ||
| 040 |
_aMUNICIPALIDAD PROVINCIAL DEL CUSCO _cBIBLIOTECA MUNICIPAL DEL CUSCO |
||
| 082 |
_a928 / _bF55 |
||
| 100 |
_aFitzmaurice - Kelly, Jaime _918242 |
||
| 245 |
_aMiguel de Cervantes Saavedra : _breseña documentada de su vida / |
||
| 260 |
_aBuenos Aires : _bBajel, _c1944. |
||
| 300 |
_a244 páginas ; _bLaminas, imágenes. _c23.5 cm. |
||
| 500 | _aDonación familia Nieto | ||
| 505 | _aContenido: Antepasados de Cervantes -- Nacimiento de Cervantes -- Acquiaviva -- Cautiverio en Argel -- Magdalena de Cervantes -- Excomunión de Cervantes -- Un banquero de la época ... | ||
| 650 |
_aLiteratos-Biografía. _918243 |
||
| 650 |
_aCervantes Saavedra, Miguel de _918244 |
||
| 942 |
_2ddc _cLIBROS |
||
| 945 | _aafb | ||